01720ntm a22003497a 450000500170000000800410001702000180005804100080007608200180008410000300010224500740013226000130020626000110021926000090023030000180023930000260025749000220028350503650030550504510067065000150112165000330113665000150116965000180118465000180120265000260122065000220124665000260126865000140129465000170130865000240132565000210134920251113182015.0170727b2015 xxu||||| |||| 00| 0 spa d a9789588816821 aESP a617.643 B238o aBarbosa, Jurandir Antonio aOrtodoncia con excelencia, logro de la perfección: tomo I y tomo II aMéxico bAmolca c2015 a750 páginas bIlustraciones a color aMecánica Dental aTomo I: Sistema autoligado - biomecánica de tratamiento. El arco de la sonrisa en la ortodoncia smile arc. Biomecánica - bracket versátil barbosa. Filosofía de tratamiento FACE. Tratamiento de 1° Fase. Límites de la compensación ortodóntica. Principios de oclusión. Essix clear aligner de la A a la Z. Biomecánica del anclaje ortodóntico.  aTomo II: Regeneración ósea guiada. Retracción gingival en adultos. Corrección de las maloclusiones Clase II. Miniimplantes y miniplacas. Problemas articulares. Cirugía ortognática. Síndrome de apnea obstructiva del sueño. Práctica clínica basada en evidencias. Caninos superiores impactados. Propiedades mecánicas de los alambres ortodónticos. Responsabiidad civil. Entendiendo el mercado, planificación estratégica.  aORTODONCIA aBIOMECÁNICA DE TRATAMIENTO aOCLUSIÓN aMALOCLUSIÓN aMINIIMPLANTES aPROBLEMAS ARTICULARES aAPNEA DEL SUEÑO aALAMBRES ORTODONTICOS aRESORTES  aNIVELACIÓN aORTOPEDIA FUNCIONAL aCASOS CLÍNICOS